000 01196nam a2200301 i 4500
003 EG-GICUC
005 20260121101326.0
008 251120s1943 ua ||||fr|||| 001 0 ara d
040 _a EG-GICUC
_bara
_c EG-GICUC
_d EG-GICUC
_erda
041 _aara
082 0 4 _a343.4
_bع ب. ت
_221
092 0 4 _221
099 _aLaw1 10 343.4 ع ب. ت 1943 1006920
100 0 _aعبد العزيز عبد الرازق صبري.
_eمؤلف.
245 1 2 _aالتشرد في مصر وعلاجه :
_bمع دراسة مقارنة للنظم المتبعة في الدول الأوربية /
_cدكتور عبد العزيز عبد الرازق صبري.
264 1 _aالقاهرة :
_bمطبعة النصر،
_c1943.
300 _a384 صفحة ؛
_c24 سم.
336 _2rda content
_atext
337 _2rda media
_aComputer
338 _2rda carrier
_aOnline Resource
504 _aيشتمل على ارجاعات ببليوجرافية.
546 _aالنص باللغة العربية
650 1 _aالتشريعات الجنائية الخاصة.
_2qrmak
651 1 _2qrmak
856 4 0 _uhttps://fll.law.cu.edu.eg/fulltext/bks/B10-06920.pdf
905 _a18
942 _2ddc
_n0
_cBK
_e21
999 _c44988
_d44988